000 00631nam a2200205 a 4500
001 000019922
005 20200929170206.0
008 100709s1973 ve r 000 p spa d
040 _aDO-SdBNP
_bspa
_cBNPHU
082 _aV861.44
_bE185s
100 1 _aEcheverría, Juan Martín
_942484
245 1 0 _aSin un especial remordimiento :
_bpoemas /
_cJuan Martín Echeverría.
260 _aCaracas :
_bMonte Avila Editores,
_c1973.
300 _a88 p. ;
_c19 cm.
490 1 _aColección Altazor
650 4 _aPoesía venezolana
_94230
650 4 _aLiteratura venezolana
_93816
830 0 _aColección Altazor
_99759
049 _aBNGR
999 _c19435
_d19435